| 000 | 02459cam a2200409 4500500 | ||
|---|---|---|---|
| 005 | 20251228073638.0 | ||
| 041 | _afre | ||
| 042 | _adc | ||
| 100 | 1 | 0 |
_aCoulié, Anne _eauthor |
| 245 | 0 | 0 | _aHistoire et archéologie des Cyclades à travers la céramique archaïque : à propos d'un ouvrage récent |
| 260 | _c2005. | ||
| 500 | _a72 | ||
| 520 | _aNotre connaissance des Cyclades à l’époque archaïque a bénéficié des avancées notables de l’archéologie ces dernières décennies. Après un rapide bilan, l’article reprend la question de la céramique « mélienne », débattue depuis 1862, à la lumière de recherches récentes dans les Cyclades et à Thasos. L’atelier a été réinséré dans son contexte artisanal parien et dans celui, plus large, des productions cycladiques, à la fin du VIIIe s. et tout au long du VIIe s., une époque essentielle de l’histoire grecque, marquée par l’ouverture sur l’Orient, l’affirmation des cités et le développement corollaire de styles spécifiques témoignant de l’éclosion d’identités artistiques distinctes. | ||
| 520 | _aHistory and archaeology of the Cyclades through Archaic Vases : About a Recent BookArchaeology has considerably improved our knowledge of the Cyclades in the archaic period in recent years. After a brief review of the question the article addresses the problem of ’Melian’ pottery, debated since 1862, in the light of recent work in the Cyclades and Thasos. The atelier has taken its place in a Parian context, and in the wider context of the 8th and 7th centuries BC, a major period marked by Greek contact with the east and development of city states, and corresponding local styles with the emergence of artistic personalities. | ||
| 690 | _aAtelier | ||
| 690 | _aCyclades | ||
| 690 | _aMélos | ||
| 690 | _aMonde grec | ||
| 690 | _aProduction | ||
| 690 | _aRhen | ||
| 690 | _aStyle | ||
| 690 | _aThasos | ||
| 690 | _aVase | ||
| 690 | _aVIIIe/VIIe siècle av. J.-C. | ||
| 690 | _a8th/7th centuries BC | ||
| 690 | _aCyclades | ||
| 690 | _aGreek world | ||
| 690 | _aMelos | ||
| 690 | _aProduction | ||
| 690 | _aRhenea | ||
| 690 | _aStyle | ||
| 690 | _aThasos | ||
| 690 | _aVase | ||
| 690 | _aWorkshop | ||
| 786 | 0 | _nRevue archéologique | 40 | 2 | 2005-09-01 | p. 255-281 | 0035-0737 | |
| 856 | 4 | 1 | _uhttps://shs.cairn.info/revue-archeologique-2005-2-page-255?lang=fr&redirect-ssocas=7080 |
| 999 |
_c1595671 _d1595671 |
||